Hacienda nacional y crédito público / (Record no. 54640)

MARC details
000 -LEADER
campo de control de longitud fija 00968nam a2200253 i 4500
001 - NÚMERO DE CONTROL
campo de control 54640
003 - IDENTIFICADOR DE NÚMERO DE CONTROL
campo de control ES-MaACL
005 - FECHA Y HORA DE LA ÚLTIMA TRANSACCIÓN
campo de control 20240510213342.0
007 - CAMPO FIJO DE DESCRIPCIÓN FÍSICA--INFORMACIÓN GENERAL
campo de control de longitud fija t|
008 - DATOS DE LONGITUD FIJA--INFORMACIÓN GENERAL
campo de control de longitud fija 960709s1885 sp |||| | spa d
080 ## - NÚMERO DE LA CLASIFICACIÓN DECIMAL UNIVERSAL
Número de la Clasificación Decimal Universal 336.1/5(460)"18"
100 1# - ENTRADA PRINCIPAL--NOMBRE DE PERSONA
Nombre de persona Fuentes, Anselmo.
9 (RLIN) 52890
245 10 - MENCIÓN DEL TÍTULO
Título Hacienda nacional y crédito público /
Mención de responsabilidad, etc. por Anselmo Fuentes.
260 ## - PUBLICACIÓN, DISTRIBUCIÓN, ETC.
Lugar de publicación, distribución, etc. Madrid :
Nombre del editor, distribuidor, etc. [s.n.],
Fecha de publicación, distribución, etc. 1885 (
Fabricante Tip. de Manuel G. Hernández)
300 ## - DESCRIPCIÓN FÍSICA
Extensión 46 p. ;
Dimensiones 22 cm.
530 ## - NOTA DISPONIBLE DE FORMULARIO FÍSICO ADICIONAL
Nota de formato físico adicional disponible Disponible en formato digital.
594 ## - Nota al título y mención de responsabilidad
Nota al título y mención de responsabilidad En p. 5: Conferencia en el Ateneo [de Madrid] el 24 de febrero último
610 24 - PUNTO DE ACCESO ADICIONAL DE MATERIA--NOMBRE DE ENTIDAD CORPORATIVA
Nombre de entidad corporativa o nombre de jurisdicción como elemento de entrada Ateneo de Madrid-
Subdivisión de forma Conferencias-
Subdivisión cronológica S.XIX.
9 (RLIN) 1910
650 #0 - PUNTO DE ACCESO ADICIONAL DE MATERIA--TÉRMINO DE MATERIA
Término de materia o nombre geográfico como elemento de entrada Hacienda pública-
Subdivisión geográfica España-
Subdivisión cronológica S.XIX
9 (RLIN) 227084
650 #4 - PUNTO DE ACCESO ADICIONAL DE MATERIA--TÉRMINO DE MATERIA
Término de materia o nombre geográfico como elemento de entrada Deuda pública-
Subdivisión geográfica España.
9 (RLIN) 135920
852 4# - LOCALIZACIÓN
Ubicación ES-MaACL
Número de control de estantería T-435-F-5
Nota libre - Dedicatoria autógrafa del autor
856 4# - LOCALIZACIÓN Y ACCESO ELECTRÓNICOS
Identificador Uniforme de Recursos <a href="https://archive.org/details/haciendanacional00fuenuoft/page/n5 ">https://archive.org/details/haciendanacional00fuenuoft/page/n5 </a>
Nota pública Internet Archive
Holdings
Estatus retirado Estado de pérdida Fuente del sistema de clasificación o colocación Estado de daño No para préstamo Colección Biblioteca de origen Biblioteca actual Ubicación en estantería Fecha de adquisición Total de préstamos Signatura topográfica completa Código de barras Visto por última vez Precio de reemplazo Tipo de ítem Koha Nota pública
    Clasificación decimal universal     Colección de folletos Biblioteca del Ateneo de Madrid Biblioteca del Ateneo de Madrid Depósito folletos 17/01/2008   T-435-F-5 1057414 23/02/2023 23/02/2023 Folleto Dedicatoria autógrafa del autor